000 01415nam a2200421 i 4500
001 54842
003 KOSZ 005
005 20221214105043.0
008 001228s2000 pl a f f |000 0 pol
015 _aPB 2001/1605
020 _a8386569778
040 _aWA N
_cWA N
_dKOSZ 005/HR
041 0 _apol
046 _k2000
080 _a658.5
080 _a(075.8)
100 1 _aKosieradzka, Anna
_eAutor
245 1 0 _aProduktywność :
_bmetody, analizy, oceny i tworzenia programów poprawy /
_cAnna Kosieradzka, Stanisław Lis.
250 _aWyd. 2 bez zm.
260 _aWarszawa :
_bOficyna Wydawnicza Politechniki Warszawskiej,
_c2000.
300 _a154 s. :
_bil. ;
_c24 cm.
336 _2rdacontent
_aTekst
_btxt
337 _2rdamedia
_aBez urządzenia pośredniczącego
_bn
338 _2rdacarrier
_aWolumin
_bnc
380 _aKsiążki
388 _a1901-2000
388 _a1989-2000
504 _aBibliogr.
650 4 _aProdukcja
650 4 _aProduktywność (ekonomia)
650 4 _aPrzedsiębiorstwo
655 4 _aPodręczniki akademickie
658 _aZarządzanie i marketing
700 1 _aLis, Stanisław
_d(1928-2018)
_eAutor
710 2 _aOficyna Wydawnicza Politechniki Warszawskiej
_4pbl.
856 4 1 _uhttp://koha.tu.koszalin.pl/cgi-bin/koha/opac-detail.pl?biblionumber=54842
_zKatalog online BPK
942 _2UKD
_cKS
999 _c54842
_d54842